| 000 | 00545nam a2200205Ia 4500 | ||
|---|---|---|---|
| 005 | 20250923144430.0 | ||
| 008 | 008 250917s9999 xx 000 0 eng d | ||
| 037 | _aTextual | ||
| 040 |
_aDSWL _beng _cDSWL |
||
| 041 |
_aeng _2eng |
||
| 084 |
_aS10aY, N50 _qDSWL |
||
| 100 |
_aErikson, Erik H _9824832 |
||
| 245 | 0 |
_aChildhood and society _cby Erik H Erikson |
|
| 260 |
_aNew York _c1950 |
||
| 300 | _a397 p. | ||
| 365 |
_aUSD _b4.75 |
||
| 925 | _g4.75 | ||
| 942 |
_cTEXL _hS10aY, N50 |
||
| 999 |
_c1438823 _d1438823 |
||